5HLuxD.jpg

KING HENRY VIII SENIOR AND PRIMARY SCHOOL LIBRARY OPAC

The dragon and the phoenix : (Record no. 1714)

000 -LEADER
fixed length control field 00960cam a2200301 a 4500
001 - CONTROL NUMBER
control field 772126
003 - CONTROL NUMBER IDENTIFIER
control field OSt
005 - DATE AND TIME OF LATEST TRANSACTION
control field 20230120140912.0
008 - FIXED-LENGTH DATA ELEMENTS--GENERAL INFORMATION
fixed length control field 180725s2007 enka b 000 j eng d
020 ## - INTERNATIONAL STANDARD BOOK NUMBER
International Standard Book Number 9780746091326
Qualifying information (pbk.) :
040 ## - CATALOGING SOURCE
Original cataloging agency TWTCL
Language of cataloging eng
Transcribing agency TWTCL
Description conventions aacr
Modifying agency KH8
041 0# - LANGUAGE CODE
Language code of text/sound track or separate title eng
042 ## - AUTHENTICATION CODE
Authentication code nbic
082 0# - DEWEY DECIMAL CLASSIFICATION NUMBER
Classification number 823.92 SIM
100 1# - MAIN ENTRY--PERSONAL NAME
Personal name Sims, Lesley.
Relator term author
245 14 - TITLE STATEMENT
Title The dragon and the phoenix :
Remainder of title a folktale from China /
Statement of responsibility, etc. retold by Lesley Sims ; illustrated by Graham Philpot.
246 30 - VARYING FORM OF TITLE
Title proper/short title Folktale from China.
260 ## - PUBLICATION, DISTRIBUTION, ETC.
Place of publication, distribution, etc. London :
Name of publisher, distributor, etc. Usborne,
Date of publication, distribution, etc. 2007.
300 ## - PHYSICAL DESCRIPTION
Extent 32 p. :
Other physical details col. ill. ;
Dimensions 20 cm.
490 1# - SERIES STATEMENT
Series statement Usborne first reading ;
Volume/sequential designation Level two.
490 1# - SERIES STATEMENT
Series statement My first reading library.
650 #0 - SUBJECT ADDED ENTRY--TOPICAL TERM
Topical term or geographic name entry element Folktales, China
Form subdivision Juvenile fiction.
650 #0 - SUBJECT ADDED ENTRY--TOPICAL TERM
Topical term or geographic name entry element Dragons
General subdivision Juvenile fiction.
700 1# - ADDED ENTRY--PERSONAL NAME
Personal name Philpot, Graham.
Relator term illustrator
830 #0 - SERIES ADDED ENTRY--UNIFORM TITLE
Uniform title Usborne first reading.
830 #0 - SERIES ADDED ENTRY--UNIFORM TITLE
Uniform title My first reading library.
942 ## - ADDED ENTRY ELEMENTS (KOHA)
Source of classification or shelving scheme
Koha item type Books - Non Ficton
Holdings
Withdrawn status Lost status Source of classification or shelving scheme Damaged status Not for loan Collection code Permanent Location Current Location Shelving location Date acquired Total Checkouts Total Renewals Full call number Barcode Date last seen Date last checked out Price effective from Koha item type
          Non-Fiction KH8 Primary School Library KH8 Primary School Library Non Fiction 2023-01-20 14 1 823.92 SIM KHPL000003472 2026-01-23 2026-01-16 2023-01-20 Books - Non Ficton

Powered By KH8 IT Dept